| 000 | 02229nam0a22004691 4500 | ||
|---|---|---|---|
| 001 | rc\2816651 | ||
| 005 | 20250806211246.0 | ||
| 035 | _a(NLR Aleph) 006942367 | ||
| 090 |
_a39754 _c39754 |
||
| 100 | _a20110915d1945 u y0rusy50 ca | ||
| 101 | 0 | _arus | |
| 102 | _aRU | ||
| 105 | _ay z |||a| | ||
| 200 | 1 |
_aТруженики войны _eРассказы _fВадим Кожевников |
|
| 210 |
_aМосква _cПравда _d1945 _gтип. им. Сталина |
||
| 215 |
_a112 с. _d16 см. |
||
| 225 | 1 | _aИз фронтовой жизни | |
| 327 | 1 | _aСодерж.: Воинское счастье. Катя Петлюк. Старший сержант. Под ледяной крышей. Труженики войны. Казаки. Тузаламчи. Десант. Твердый характер. Любовь к жизни. Москвичка. Дарья Гурко. Бесшумные батареи. Высшее стрелковое образование. Кавалер ордена Славы. На берегу Черного моря | |
| 464 | 0 | _12000#$aМосквичка | |
| 464 | 0 | _12000#$aДарья Гурко | |
| 464 | 0 | _12000#$aТвердый характер | |
| 464 | 0 | _12000#$aЛюбовь к жизни | |
| 464 | 0 | _12000#$aКавалер ордена Славы | |
| 464 | 0 | _12000#$aНа берегу Черного моря | |
| 464 | 0 | _12000#$aБесшумные батареи | |
| 464 | 0 | _12000#$aВысшее стрелковое образование | |
| 464 | 0 | _12000#$aДесант | |
| 464 | 0 | _12000#$aКатя Петлюк | |
| 464 | 0 | _12000#$aСтарший сержант | |
| 464 | 0 | _12000#$aПод ледяной крышей | |
| 464 | 0 | _12000#$aВоинское счастье | |
| 464 | 0 | _12000#$aТузаламчи | |
| 464 | 0 | _12000#$aТруженики войны | |
| 464 | 0 | _12000#$aКазаки | |
| 700 | 1 |
_aКожевников _bВ. М. _f1909-1984 _gВадим Михайлович _3RU\NLR\auth\7746721 |
|
| 801 | 0 |
_aRU _bNLR _gpsbo |
|
| 801 | 1 |
_aRU _bELAR _2rusmarc |
|
| 852 |
_aNLR _jЛ30 Г-1/363 |
||
| 942 | _cBOOK | ||
| 945 | _aРоссийская национальная библиотека | ||
| 980 | _aNB | ||
| 980 | _aBV | ||